| 000 | 00394nam a22001457a 4500 | ||
|---|---|---|---|
| 005 | 20221006144235.0 | ||
| 008 | 221006b |||||||| |||| 00| 0 eng d | ||
| 020 | _a0000017827 | ||
| 082 | _a428.208865 | ||
| 100 | _aGuffey, Mary Ellen | ||
| 245 | _aBusiness English | ||
| 260 |
_aLos Angeles: _bKent Publishing Company, _c1983 |
||
| 300 | _aviii,316, i_1-i_4p.:ill.;27cm | ||
| 942 |
_2ddc _cBK _n0 |
||
| 999 |
_c21712 _d21712 |
||